000 00609nam a22002177a 4500
003 UA-OsUOA
001 38471
007 ta
008 20060511b un ||||| |||| 00| 0 ukr d
100 _aСенченко Микола
090 _a32
_bС11
942 _cSA
040 _aUA-OsUOA
_bukr
_cUA-OsUOA
_dUA-OsUOA
245 _aТероризм - винахід міжнародних банкірів для поневолення світу
300 _a6-23 с.
955 _a0
041 _aukr
080 _a32
773 0 _w38470
_tПерсонал
_dК.
_d2006
_g4
650 7 _a32 Політика
_2UDC
999 _c324625
_d324625